000 00608nam a2200169 4500
008 020117s1994 miu 0 engta
020 _a0802807356
090 _aBS2575.3
_bG95
_b1994
100 1 _aGundry, Robert Horton
245 1 0 _aMatthew :
_ba commentary on his handbook for a mixed church under persecution /
_cRobert Horton Gundry.
250 _a2nd ed.
260 _aMichigan :
_bEerdmans,
_cc1994,
_c1982.
300 _axlii, 685 p.
504 _aIncludes bibliographical refrences
650 4 _aBible. N.T. Matthew
_xCommentaries.
951 _p18483
_oBS2575.3/G95/1994
_j070613111040093
_d2000-12-21
_cREF
999 _c5771
_d5771